00600nam a2200217 a 4500001001300000003000900013005001700022008004100039020002200080082001900102100002200121245006400143260002500207300000900232500003500241505001300276650002600289650002200315650002300337700002200360nice12345678IN_TiNIC20260116013258.0050524s2000 dela grp 000 0 eng  a8172141 c9000a266.00954bTUN aTungoe, Merithung aAdministrators Missionaries and a World Turned Upside Down. aDelhi bISPCK c2000 a138p aincludes index and biblioraphy2 aAppendix aMissions-India-Tribes aFrederick S.Downs aChristianity-India1 aTungoe, Merithung